000 00576pam a2200193 a 4500
001 2502728
005 20250609113929.0
008 920123s1992 kyu b 001 0 eng
020 _a0664253792 (alk. paper)
050 0 0 _aBT743
_b.N35 1992
100 1 _aNelson, James B.
245 1 0 _aBody theology /
_cJames B. Nelson.
250 _a1st ed.
260 _aLouisville, Ky. :
_bWestminster/John Knox,
_cc1992.
300 _a216 p. ;
_c23 cm.
650 0 _aHuman body
_xReligious aspects
_xChristianity.
650 0 _aSex
_xReligious aspects
_xChristianity.
942 _2lcc
_cBK
_n0
999 _c6340
_d6340